| 000 | 00847nam a2200277 i 4500 | ||
|---|---|---|---|
| 001 | 000007218 | ||
| 003 | DO-SdBNP | ||
| 005 | 20250826113851.0 | ||
| 007 | ta | ||
| 008 | 250826s1963 dr a 001 0 spa d | ||
| 040 |
_aDO-SdBNP _bspa _cBNPHU _erda |
||
| 041 | _asp | ||
| 082 |
_a343.076 _bR426L _222 |
||
| 111 |
_aRepública Dominicana. [Leyes, etc.] _983899 |
||
| 245 | 1 | 0 | _aLey de fomento agrícola No. 6186 / |
| 264 |
_aSanto Domingo : _bBanco Agrícola de la República, _c1963 |
||
| 300 |
_a192 páginas ; _c23 cm. |
||
| 336 |
_2rdacontent _atexto _btxt |
||
| 337 |
_2rdamedia _asin mediación _bn |
||
| 338 |
_2rdacarriaer _avolumen _bnc |
||
| 590 | _aInventariado, 2025 / DG | ||
| 650 | 4 |
_aDerecho agrario _983900 _zRepública Dominicana |
|
| 651 | 0 |
_aLey no. 6186 _zRepública Dominicana _987700 |
|
| 910 | _aDG | ||
| 942 |
_2ddc _cLBS1 |
||
| 999 |
_c59821 _d59821 |
||